Estadísticas para Todos los Países Modernos que han sido Controlados por los Turcos

Haz click aquí para intentar la prueba.

Estadísticas generales

  • Esta prueba ha sido intentada 2.008 veces
  • La puntuación promedio es 74 de 79

Respuestas en el mapa

Las respuestas están codificadas por una escala verde-roja en el mapa de la prueba según el % correcto abajo.
 

Estadísticas de respuestas

País% Correcto
Rusia
99%
China
98%
Grecia
98%
India
98%
Mongolia
98%
Turquía
98%
Ucrania
98%
Arabia Saudita
97%
Egipto
97%
Irak
97%
Irán
97%
Marruecos
97%
Polonia
97%
Albania
96%
Alemania
96%
Argelia
96%
Austria
96%
Bielorrusia
96%
Croacia
96%
Hungría
96%
Israel
96%
Kazajistán
96%
Pakistán
96%
República Checa
96%
Rumania
96%
Yemen
96%
Afganistán
95%
Bosnia y Herzegovina
95%
Bulgaria
95%
Emiratos Árabes Unidos
95%
Eslovaquia
95%
Finlandia
95%
Indonesia
95%
Kosovo
95%
Libia
95%
Macedonia del Norte
95%
Moldavia
95%
Nepal
95%
Omán
95%
Serbia
95%
Siria
95%
Sudán
95%
Túnez
95%
Armenia
94%
Catar
94%
Georgia
94%
Montenegro
94%
Somalia
94%
Uzbekistán
94%
Azerbaiyán
93%
Chipre
93%
Jordania
93%
Sudán del Sur
93%
Turkmenistán
93%
Bangladés
92%
Estonia
92%
Etiopía
92%
Bután
91%
Eslovenia
91%
Kirguistán
91%
Líbano
91%
Sri Lanka
91%
Tayikistán
91%
Eritrea
90%
Kuwait
90%
Malasia
90%
Malí
90%
Singapur
90%
Mauritania
89%
Tailandia
89%
Kenia
86%
Myanmar
86%
República Democrática del Congo
85%
Yibuti
84%
Tanzania
83%
Uganda
83%
Burkina Faso
80%
Chad
80%
República Centroafricana
78%

Distribución de puntuación

Porcentaje por número respondido

Porcentaje de gente con cada puntuación

Historial de tus puntuaciones

No has intentado esta prueba.